[Event "Rio de Janeiro"]
[Site "Rio de Janeiro"]
[Date "1998.??.??"]
[Round "1"]
[White "Dumont, Sadi Glasser"]
[Black "Miranda, Marcio MC"]
[Result "1-0"]
[WhiteElo "2345"]
[BlackElo "2300"]
[PlyCount "109"]
[EventDate "1998.??.??"]
[EventType "tourn"]
[EventRounds "9"]
[EventCountry "BRA"]
[SourceTitle "EXT 2000"]
[Source "ChessBase"]
[SourceDate "1999.11.16"]
[SourceVersion "1"]
[SourceVersionDate "1999.11.16"]
[SourceQuality "1"]

1. e4 e6 2. d3 d5 3. Nd2 Nf6 4. Ngf3 Be7 5. g3 0-0 6. Bg2 c5 7. 0-0 Nc6 8. Re1 Qc7 9. c3 b6 10. a3 dxe4 11. dxe4 Bb7 12. e5 Nd7 13. Qe2 Rfd8 14. h4 a5 15. h5 h6 16. Nf1 Nf8 17. N1h2 Qd7 18. Nd2 Qd3 19. Qg4 Qf5 20. Qxf5 exf5 21. Nc4 b5 22. Ne3 f4 23. gxf4 Rab8 24. Nhg4 Na7 25. Nf5 Re8 26. Nxe7+ Rxe7 27. Be3 Rc8 28. f5 Bxg2 29. Kxg2 Rb7 30. f6 Ne6 31. fxg7 Nxg7 32. Nf6+ Kh8 33. Bxh6 Nf5 34. Bf4 Nc6 35. Kf3 Nd8 36. Kg4 Ne7 37. Bg3 Ne6 38. f4 Ng7 39. Red1 Ngf5 40. Bf2 c4 41. Kf3 Ng8 42. Ne4 b4 43. axb4 axb4 44. Nd6 Nxd6 45. exd6 bxc3 46. bxc3 Kh7 47. Ra7 Rxa7 48. Bxa7 Nf6 49. Bd4 Nd7 50. Ke4 Kh6 51. Kd5 Kxh5 52. Re1 Kg6 53. Re7 Nf8 54. Ke4 f5+ 55. Kd5 1-0

[Event "Rio de Janeiro"]
[Site "Rio de Janeiro"]
[Date "1998.??.??"]
[Round "2"]
[White "Miranda, Marcio MC"]
[Black "Escofet Fernandez, Jaime"]
[Result "1/2-1/2"]
[WhiteElo "2300"]
[BlackElo "2215"]
[PlyCount "108"]
[EventDate "1998.??.??"]
[EventType "tourn"]
[EventRounds "9"]
[EventCountry "BRA"]
[SourceTitle "EXT 2000"]
[Source "ChessBase"]
[SourceDate "1999.11.16"]
[SourceVersion "1"]
[SourceVersionDate "1999.11.16"]
[SourceQuality "1"]

1. d4 c6 2. c4 f5 3. Nc3 Nf6 4. g3 g6 5. Bg2 Bg7 6. Nf3 d6 7. 0-0 0-0 8. Rb1 a5 9. a3 Qe8 10. d5 Bd7 11. b4 axb4 12. axb4 Na6 13. dxc6 bxc6 14. b5 cxb5 15. cxb5 Nc5 16. Nd4 Nfe4 17. Nxe4 fxe4 18. Be3 Kh8 19. Rb4 Rb8 20. Qb1 e5 21. Nc6 Bxc6 22. bxc6 Rxb4 23. Qxb4 Qxc6 24. Rc1 Qa6 25. Bxc5 dxc5 26. Qxe4 Qd6 27. Qd5 Qxd5 28. Bxd5 Rc8 29. Kg2 Bf6 30. Kf3 Kg7 31. Ke4 h5 32. Be6 Rc7 33. Kd5 h4 34. Rc4 hxg3 35. hxg3 Rb7 36. Rxc5 Ra7 37. Rb5 Rc7 38. Rb8 Ra7 39. Rg8+ Kh7 40. Rc8 Ra5+ 41. Ke4 Ra4+ 42. Bc4 Ra7 43. Rc6 Kg7 44. Kd5 Rd7+ 45. Ke6 Re7+ 46. Kd6 Rb7 47. Ba6 Ra7 48. Rb6 Kf7 49. Rb7+ Rxb7 50. Bxb7 g5 51. Bd5+ Kg6 52. g4 Bg7 53. Ke6 Bh8 54. Be4+ Kh6 1/2-1/2